000 00972cam a22003137a 4500
003 CHAP
005 20220329140938.0
008 971013s1970 r 00010 d
010 _a60210
011 _a61182
035 _a65346
040 _cCHAP
082 _a631.75
_bC5 1970
100 0 0 _aClark, Colin.
_923606
245 1 4 _aThe economics of irrigation
250 _a2 ed.
260 _aOxford :
_bPergamon Press,
_c1970
300 _a155 p.
590 _aBATCH-UPD
_b10
_c20130110
_lUCH01
_h0235
590 _aBATCH-UPD
_b10
_c20130110
_lUCH01
_h2230
590 _aBATCH-UPD
_b10
_c20130409
_lUCH01
_h2300
590 _aBATCH-UPD
_b10
_c20130914
_lUCH01
_h1656
590 _aCONVERSION
_b10
_c20130109
_lUCH01
_h1332
650 1 4 _aIrrigación
_xCostos.
_960392
901 _aBK
942 _cLIBRO
949 _a631.75 C5 1970
_bBC
_cLIBRO
_d33724000171542
_eLIBRO
_fc.2
_h35348
_i65346
_si
949 _a631.75 C5 1970
_bBC
_cLIBRO
_d33724000171559
_eLIBRO
_fc.3
_h38789
_i65346
_si
999 _c60210
_d60210